00311nam a2200097Ia 4500008004100000041000800041100001300049245009100062260005200153300000800205240521s1999 xx 000 0 und d aeng aB. C. L. aBRITISH EDUCATION GUIDE SOUTH ASIA ED. 1999, THE ESSENTIAL GUIDE TO STUDYING IN THE UK bTHE ESSENTIAL GUIDE TO STUDYING IN THE UKc1999 a216